000 00364nam a2200145Ia 4500
008 230524s9999 xx 000 0 und d
082 _a4.6
_bBAS
100 _aS.K.Basu
_95153
245 0 _aDesign Methods and Anlysis of Algorithms
260 _aNEW DELHI
_bPHI
_c2005
300 _axxi;306
500 _aQuantity Number: 1
650 _aMathematics
942 _cBK
999 _c7202
_d7202